000 00923cab a2200253 4500
001 WB3440-45
008 090401t1998 xxu||||| |||| 00| 0 eng d
035 _a(Sirsi) u89210
041 _aeng
245 _aNew Countryside Agency
260 _c1998
350 _a0
490 _aRICS Press Release
_v(125) 21 October 1998 (2)
520 _aThe RICS has expressed concerns that the proposed Countryside Agency, due to come into being in April 1999, may fail to adequately address the problems faced by rural areas. The Agency will be formed by merging the Countryside Commission with the Rural Development Commission.
650 _aCOUNTRYSIDE AGENCY
650 _aCOUNTRYSIDE COMMISSION
650 _aREGIONAL DEVELOPMENT AGENCIES
650 _aRURAL DEVELOPMENT COMMISSION
650 _aRURAL ENTERPRISE
650 _aRURAL REGENERATION
690 _aRURAL PRACTICE
942 _n0
948 _c22/10/1998
999 _c56421
_d56421